Aritmética : segundo grado : libro del maestro

Gespeichert in:
Bibliographische Detailangaben
1. Verfasser: Villar de Serchs, Anicet
Format: Buch
Sprache:Spanisch
Erschienen: Barcelona : Miguel A. Salvatella, [1947]
Katalog:MANES:  Suchergebnis im Bibliothekskatalog
Schulbuchspezifische Eigenschaften:
Schriftenreihe:Textos escolares Salvatella
Tags: Tag hinzufügen
Keine Tags, Fügen Sie den ersten Tag hinzu!
Hinzugefügt zu:01.05.2007
Geändert in:07.05.2025

MARC

LEADER 00000nam a2200000 a 4500
003 ES-BaCBU
005 20250507130102.0
008 070502s1947 spc|||||| 000 ||spa|c
040 |a ES-BaCBU  |b cat  |c ES-BaCBU  |d ES-BaUB 
100 1 |a Villar de Serchs, Anicet  |9 27443 
245 1 0 |a Aritmética :  |b segundo grado : libro del maestro /  |c por Aniceto Villar 
260 |a Barcelona :  |b Miguel A. Salvatella,  |c [1947] 
300 |a 92 p.;  |c 22 cm 
490 0 |a Programas de primera enseñanza en lecciones desarrolladas 
546 |a España 
561 |5 es-CRAI  |3 p2 R TEXT 4 70  |a España. Biblioteca Universitat de Barcelona  |k MANES 
690 0 |a MATE 
691 0 |a PRI 
830 0 |a Textos escolares Salvatella  |9 27444 
856 |y Registro en Cercabib - CRAI 
940 |a 66 
942 |2 ddc  |c BK 
999 |c 86901  |d 86901 
999 |c manes:86901  |d 86901